000 00370nam a2200145Ia 4500
008 200103s9999||||xx |||||||||||||| ||und||
040 _aIMU-MPC
082 _aColumn-34
100 _aEmbleton, William
245 0 _aReed's Mathematics for Engineers, Vol. 1
250 _aVol. 1
260 _bThomas Reed Publications Ltd., London
_c1969
300 _a389
942 _cBK
999 _c7874
_d7874